00256nam a2200097Ia 4500008004100000100000900041245004700050260003700097942000700134999001700141190216s9999||||xx |||||||||||||| ||und|| aNull 0aHindi-1921 Ke Asahyoga Anthekan Ki Sakiyam bKerala Sasthra Sahithya Parishad cBK c16960d16960